Nationalities Across the World - Statistics

General Stats
  • This quiz has been taken 95 times
  • The average score is 29 of 32
Answer Stats
Countries using it Nationalities % Correct
Italy Italian
95%
American United States
95%
Canadian Canada
94%
Scotland Scottish
94%
France French
93%
Mexican Mexico
93%
Russia Russian
93%
Austrian Austria
91%
Estonia Estonian
91%
Northern Ireland | Ireland Irish
91%
Romania Romanian
91%
Sweden Swedish
91%
United Kingdom British
90%
Bulgaria Bulgarian
90%
Finland Finnish
90%
Greece Greek
90%
Latvia Latvian
90%
Poland Polish
90%
Germany German
89%
Spain Spanish
89%
Switzerland Swiss
89%
Hungary Hungarian
88%
Slovakia Slovak/Slovakian
88%
Ukraine Ukrainian
88%
Czech Republic/Czechia Czech
86%
Norway Norwegian
86%
Denmark Dannish
85%
Netherlands Dutch
85%
Lithuanian Lithuania
85%
Belarus Belarusian
84%
Belgium Belgian
83%
Wales Welsh
78%
No matching quizzes found
Score Distribution
Percent of People with Each Score
Percentile by Number Answered
Your Score History
You have not taken this quiz